<?xml version="1.0" encoding="UTF-8"?>
<record
    xmlns:xsi="http://www.w3.org/2001/XMLSchema-instance"
    xsi:schemaLocation="http://www.loc.gov/MARC21/slim http://www.loc.gov/standards/marcxml/schema/MARC21slim.xsd"
    xmlns="http://www.loc.gov/MARC21/slim">

  <leader>01280nam a22002657a 4500</leader>
  <controlfield tag="005">20130724120344.0</controlfield>
  <controlfield tag="008">120906s2008    ck ab  frb    000 0 spa d</controlfield>
  <datafield tag="020" ind1=" " ind2=" ">
    <subfield code="a">9789589387580</subfield>
  </datafield>
  <datafield tag="041" ind1=" " ind2=" ">
    <subfield code="a">spa</subfield>
  </datafield>
  <datafield tag="044" ind1=" " ind2=" ">
    <subfield code="a">ck</subfield>
  </datafield>
  <datafield tag="082" ind1="0" ind2="4">
    <subfield code="a">598.9</subfield>
    <subfield code="b">B675a</subfield>
  </datafield>
  <datafield tag="110" ind1="1" ind2=" ">
    <subfield code="a">Bogot&#xE1; (Colombia)</subfield>
    <subfield code="b">Alcald&#xED;a Mayor de Bogot&#xE1;, D.C.</subfield>
    <subfield code="b">Secretar&#xED;a Distrital de Ambiente</subfield>
    <subfield code="9">925</subfield>
  </datafield>
  <datafield tag="245" ind1="1" ind2="0">
    <subfield code="a">Aves rapaces de Bogot&#xE1; </subfield>
    <subfield code="b">diversidad en medio de la urbe</subfield>
    <subfield code="c">Secretar&#xED;a Distrital de Ambiente, Instituto Alexander Von Humboldt ; textos y trabajo de campo: C&#xE9;sar Augusto M&#xE1;rquez Reyes, V&#xED;ctor Hugo Vanegas</subfield>
  </datafield>
  <datafield tag="260" ind1=" " ind2=" ">
    <subfield code="a">Bogot&#xE1;</subfield>
    <subfield code="b">Secretar&#xED;a Distrital de Ambiente</subfield>
    <subfield code="b">Instituto Alexander Von Humboldt</subfield>
    <subfield code="c">2008</subfield>
  </datafield>
  <datafield tag="300" ind1=" " ind2=" ">
    <subfield code="a">107 p.</subfield>
    <subfield code="b">il. (col.), mapa (col.)</subfield>
    <subfield code="c">23 cm.</subfield>
  </datafield>
  <datafield tag="504" ind1=" " ind2=" ">
    <subfield code="a">Incluye referencias bibliogr&#xE1;ficas</subfield>
  </datafield>
  <datafield tag="650" ind1="1" ind2="7">
    <subfield code="a">Aves de presa</subfield>
    <subfield code="x">Espec&#xED;menes</subfield>
    <subfield code="z">Bogot&#xE1; (Colombia)</subfield>
    <subfield code="v">Gu&#xED;as</subfield>
    <subfield code="9">926</subfield>
  </datafield>
  <datafield tag="650" ind1="1" ind2="7">
    <subfield code="a">Aves de presa</subfield>
    <subfield code="x">Clasificaci&#xF3;n</subfield>
    <subfield code="z">Bogot&#xE1; (Colombia)</subfield>
    <subfield code="v">Gu&#xED;as</subfield>
    <subfield code="9">927</subfield>
  </datafield>
  <datafield tag="650" ind1="1" ind2="7">
    <subfield code="a">Aves de presa</subfield>
    <subfield code="x">H&#xE1;bitos y conducta</subfield>
    <subfield code="z">Bogot&#xE1; (Colombia)</subfield>
    <subfield code="v">Gu&#xED;as</subfield>
    <subfield code="9">928</subfield>
  </datafield>
  <datafield tag="650" ind1="1" ind2="7">
    <subfield code="a">Aves de presa</subfield>
    <subfield code="x">Distribuci&#xF3;n geogr&#xE1;fica</subfield>
    <subfield code="z">Bogot&#xE1; (Colombia)</subfield>
    <subfield code="v">Gu&#xED;as</subfield>
    <subfield code="9">929</subfield>
  </datafield>
  <datafield tag="700" ind1="1" ind2=" ">
    <subfield code="a">M&#xE1;rquez Reyes, C&#xE9;sar Augusto</subfield>
    <subfield code="9">930</subfield>
  </datafield>
  <datafield tag="700" ind1="1" ind2=" ">
    <subfield code="a">Vanegas, V&#xED;ctor Hugo</subfield>
    <subfield code="9">931</subfield>
  </datafield>
  <datafield tag="710" ind1="2" ind2=" ">
    <subfield code="a">Instituto Alexander Von Humboldt</subfield>
    <subfield code="9">932</subfield>
  </datafield>
  <datafield tag="942" ind1=" " ind2=" ">
    <subfield code="2">ddc</subfield>
    <subfield code="c">IMPRESO</subfield>
  </datafield>
  <datafield tag="999" ind1=" " ind2=" ">
    <subfield code="c">7446</subfield>
    <subfield code="d">7446</subfield>
  </datafield>
  <datafield tag="952" ind1=" " ind2=" ">
    <subfield code="0">0</subfield>
    <subfield code="1">0</subfield>
    <subfield code="2">ddc</subfield>
    <subfield code="4">0</subfield>
    <subfield code="7">0</subfield>
    <subfield code="8">HUMBOLDT</subfield>
    <subfield code="I">INV2017</subfield>
    <subfield code="a">Bogota</subfield>
    <subfield code="b">Bogota</subfield>
    <subfield code="d">2013-07-24</subfield>
    <subfield code="e">Instituto</subfield>
    <subfield code="g">39000.00</subfield>
    <subfield code="l">0</subfield>
    <subfield code="o">IAVH 598.9 B675a</subfield>
    <subfield code="p">028433</subfield>
    <subfield code="r">2013-07-24 00:00:00</subfield>
    <subfield code="t">Ej. 1</subfield>
    <subfield code="w">2013-07-24</subfield>
    <subfield code="y">LIBRO</subfield>
  </datafield>
  <datafield tag="952" ind1=" " ind2=" ">
    <subfield code="0">0</subfield>
    <subfield code="1">0</subfield>
    <subfield code="2">ddc</subfield>
    <subfield code="4">0</subfield>
    <subfield code="7">0</subfield>
    <subfield code="8">HUMBOLDT</subfield>
    <subfield code="I">INV2017</subfield>
    <subfield code="a">Bogota</subfield>
    <subfield code="b">Bogota</subfield>
    <subfield code="d">2013-07-24</subfield>
    <subfield code="e">Instituto</subfield>
    <subfield code="g">39000.00</subfield>
    <subfield code="l">0</subfield>
    <subfield code="o">IAVH 598.9 B675a</subfield>
    <subfield code="p">028434</subfield>
    <subfield code="r">2013-07-24 00:00:00</subfield>
    <subfield code="t">Ej. 2</subfield>
    <subfield code="w">2013-07-24</subfield>
    <subfield code="y">LIBRO</subfield>
  </datafield>
</record>
